| 000 | 01047nam a22002897a 4500 | ||
|---|---|---|---|
| 001 | 6026 | ||
| 003 | FISKH | ||
| 005 | 20250224092407.0 | ||
| 008 | 250224b cb ||||| |||| 00| 0 eng d | ||
| 020 | _a9780590456319 | ||
| 040 |
_aFISKH _beng _cFISKH _dFISKH |
||
| 050 | _aPZ7 .P | ||
| 082 | _a303 | ||
| 100 |
_aWeiner, Eric _d(1963-) |
||
| 245 |
_aThe secret secret passage / _cBook created by A.E. Parker ; Written by Eric Weiner ; Based on characters from the Parker Brothers game ; A Creative Media Applications Production |
||
| 250 | _aThis edition first published in 1992 | ||
| 260 |
_aNew York : _bScholastic, _c1992 |
||
| 300 |
_a97 pages : _c20 cm |
||
| 505 | _aN | ||
| 520 | _aIncludes mind-bending mini-mysteries to test your ability as a sleuth. Mr. Boddy has invited his six best friends to be guests at his mansion for a weekend. | ||
| 521 | 8 |
_a550
_bLexile |
|
| 521 | 8 |
_aN
_bRaz-Plus |
|
| 650 |
_2Mystery _aClue |
||
| 650 |
_2Basement-ya-books-box-3 _aMystery Book Basket 4 |
||
| 942 |
_2ddc _cBK _n0 |
||
| 999 |
_c6026 _d6026 |
||